|
|
|
|
| LEADER |
01604nam a2200277 a 4500 |
| 001 |
GR-MES17247 |
| 008 |
150615s2013 gr gz 000 0 gre d |
| 040 |
|
|
|a GrPaTEI
|b gre
|c GR-PaULI
|
| 040 |
|
|
|a GrPaTEI
|b gre
|c GR-PaULI
|
| 100 |
1 |
|
|a Απτουλά, Μουσταφά Ερολ
|
| 245 |
1 |
0 |
|a Απορρόφηση βαρέων μετάλλων Ni και V από τα φυτά λεβάντα (Lavandula angustifolia) και μέντα mojito (Mentha x villosa) /
|c Σπουδαστές: Απτουλά Μουσταφά Ερολ, Λιάπης Χρήστος ; Εισηγητής: Μπαρούχας Παντελής.
|
| 260 |
|
|
|a Μεσολόγγι :
|b ΤΕΙ Δυτικής Ελλάδας,
|c 2013
|
| 300 |
|
|
|a 71 σ. :
|b γραφ., έγχ.είκ., πίν.
|
| 504 |
|
|
|a Βιβλιογραφία: (σ. 71-72)
|
| 650 |
|
4 |
|a Αρωματικά φυτά
|x Καλλιέργεια
|
| 650 |
|
4 |
|a Πτυχιακή εργασία
|y 2013
|
| 650 |
|
4 |
|a Φυτά
|x Τοξικά μέταλλα
|
| 700 |
1 |
|
|a Λιάπης, Χρήστος
|
| 700 |
1 |
|
|a Μπαρούχας, Παντελής
|
| 710 |
0 |
|
|a Σ.ΤΕ.Γ.& ΤΕ.ΤΡΟ.Δ..
|b Τμήμα Μηχανολογίας και Υδάτινων Πόρων
|
| 710 |
0 |
|
|a ΤΕΙ Δυτικής Ελλάδας
|
| 856 |
4 |
0 |
|u https://nereus.library.upatras.gr/formermes//ptyxiakes/steg/steg_myp/2011-2015/615pe.pdf
|
| 942 |
|
|
|2 ddc
|
| 952 |
|
|
|0 0
|1 0
|2 ddc
|4 0
|7 0
|9 275336
|a MSLG
|b MSLG
|c BSC
|d 2021-01-17
|e 24
|f 0
|g 0.00
|l 0
|p 24200615
|r 2021-01-17 00:00:00
|t 1
|v 2021.00
|w 2021-01-17
|y BK15
|x 20150616 0 ΧΑΣΑΝΗ 0
|x GrPaTEI
|
| 971 |
|
|
|a .b25832967
|b 15-04-20
|c 13-09-16
|
| 999 |
|
|
|c 159520
|d 159520
|